| 000 | 00000nam##2200000za#4500 |
| 001 | 9.675879 |
| 003 | CaOODSP |
| 005 | 20210624225459 |
| 007 | cr ||||||||||| |
| 008 | 150407|1996||||xxc|||||o f|0| 0 eng|d |
| 040 | |aCaOODSP|beng |
| 041 | |aeng |
| 041 | |afre |
| 043 | |an-cn--- |
| 086 | 1 |aCS92-N0111/1996-PDF |
| 245 | 00|aWritten materials |h[electronic resource] |
| 260 | |aOttawa - Ontario : |bStatistics Canada |c1996. |
| 300 | |a2 vols. In various pagings. |
| 500 | |aHistorical census publication digitized by Statistics Canada. |
| 546 | |aBilngual. |
| 590 | |a12-44-Supp|b2012-12-13 |
| 710 | 2 |aStatistics Canada. |
| 792 | |tDocumentation écrite |efre|w(CaOODSP)9.675880 |
| 856 | 40|ahttp://publications.gc.ca|qPDF|s168.9 MB|uhttps://publications.gc.ca/collections/collection_2012/statcan/rh-hc/CS92-N0111-1996-2.pdf |
| 856 | 40|ahttp://publications.gc.ca|qPDF|s177.5 MB|uhttps://publications.gc.ca/collections/collection_2012/statcan/rh-hc/CS92-N0111-1996-1.pdf |